00633cam a22001932 4500001001100000005001700011008004100028020001700069040001500086100003300101245008200134250001200216260004000228300001400268650005300282650004400335651005700379852000300436000002087120151217152223.0111025s xx 000 0 eng d a9966744827 : aKABUcKABU1 aKanyeihamba, GW.@000018150510aKanyeihamba's commentaries on law, politics and governance /cGW Kanyeihamba. a1st ed. aNairobi, Kenya :bLawAfrica,c2006. ax, 162 p. 0aJustice, Administration of zUganda.@0000181519 0aConstitutional lawzUganda.@0000181520 0aUgandaxPolitics and governancey1979 -.@00001815211